| 000 | 00596nam a2200217 a 4500 | ||
|---|---|---|---|
| 999 |
_c1385 _d1385 |
||
| 008 | 191230t2010 xxkad||g |||| 001 0 eng d | ||
| 020 |
_a9783642146329 _c€ 149.99 |
||
| 040 |
_aKO _beng |
||
| 041 | 0 | _aeng | |
| 044 | _axxk | ||
| 082 | 0 | 4 |
_223 _a623.8 _bSh.17 |
| 100 | 1 | _aShama, Mohamed. | |
| 245 | 1 | 0 |
_aTorsion and Shear Stresses in Ships / _cMohamed Shama . |
| 260 |
_aHeidelberg : _bSpringer , _c2010 . |
||
| 300 |
_axxv , 276p . : _bill. , charts ; _c24 cm. |
||
| 504 | _aInclude Index | ||
| 650 | 0 |
_aTorsion _vTextbooks |
|
| 650 | 0 |
_aShipbuilding _vTextbooks |
|
| 942 | _cBK | ||